Music Quiz

Random Music or Artist Quiz

Name the song? Quiz Stats

 Plays Quiz not verified by Sporcle

Challenge
Share
Tweet
Score 0/11 Timer 05:00
0 Plays Today
Time Song % Correct
18-24Cold As Ice
74.4%
39-47Brown Sugar
64.1%
51-56Panama
61.5%
0-4Young Americans
56.4%
28-35Hells Bells
56.4%
1:29-1:35Gimme Three Steps
46.2%
1:09-1:15Tush
38.5%
8-14Keep On Rocking Me Baby
30.8%
51-56Wreck Me Baby
20.5%
1:19-1:25Flirting With Disaster
17.9%
1:39-ENDEyes of Silver
7.7%

You're not logged in!

Compare scores with friends on all Sporcle quizzes.
Join for Free
OR
Log In

You Might Also Like...

Show Comments

Extras

Created May 21, 2010ReportNominate
Tags:Artist Quiz, Song Quiz

Top Quizzes Today


Score Distribution

Your Account Isn't Verified!

In order to create a playlist on Sporcle, you need to verify the email address you used during registration. Go to your Sporcle Settings to finish the process.

Report this User

Report this user for behavior that violates our Community Guidelines.

Details: